000 00647nam a2200193 4500
001 148428
003 ES-MaACL
005 20251003185052.0
007 t|
008 070214s1965 ag r ||||1| spa d
100 1 _aStrauss, Richard,
_d1864-1949
_9240557
245 1 0 _aEpistolario /
_cRichard Strauss, Stefan Zweig ; [traducción Manuel Vázquez].
260 _aBuenos Aires [etc.] :
_bPlaza & Janés,
_c1965 (
_eBarcelona :
_fSaturno)
300 _a160 p. ;
_c19 cm.
700 1 _aZweig, Stefan,
_d1881-1942
_9118562
700 1 _aVázquez Tomás, Manuel
_9113375
852 _aES-MaACL
_jC-29131
_bR.56850
999 _c148428
_d148428